| 000 | 00832nam a2200205Ia 4500 | ||
|---|---|---|---|
| 001 | 13190 | ||
| 003 | GE_BSU | ||
| 008 | 181216s||||||||xx |||||||||||||| ||und|| | ||
| 040 | _cGE_BSU | ||
| 080 | _a631.4 | ||
| 245 | _aПособие по проведению анализов почв и составлению агрохимических картограмм | ||
| 245 | _cСост. Н.П.Карпинский, К.А. Гаврилов. Ред. Л.А.Бородкина | ||
| 250 | _a2-ое дополн.и перераб. | ||
| 260 | _aМосква | ||
| 260 | _bРоссельхозиздат | ||
| 260 | _c1969 | ||
| 300 | _a328стр.илл.20см. | ||
| 653 | _aПособие по проведению анализов почв и составлению агрохимических картограмм | ||
| 942 | _cBK | ||
| 999 |
_c46354 _d46354 |
||